Čo je dôležité pri výbere programu MBA?

Najdôležitejšie aspekty pri výbere študijného programu MBA. Vzdelávacie inštitúcie a kombinácia rôznych metodických a didaktických prístupov. Akreditácie a kvalitný MBA program, ktorý by mal rámcovo reagovať na zmeny ekonomicko-sociálnych podmienok.

Enregistré dans:
Détails bibliographiques
Auteur principal: Schlegelmilch, Bodo B.
Format: Chapitre de livre
Langue:slovaque
Sujets:
Tags: Ajouter un tag
Pas de tags, Soyez le premier à ajouter un tag!

MARC

LEADER 00000naa a2200000 4500
001 0157430
005 20220725111333.5
041 0 |a slo 
044 |a SK 
245 1 0 |a Čo je dôležité pri výbere programu MBA?  |c Bodo B. Schlegelmilch 
520 |a Najdôležitejšie aspekty pri výbere študijného programu MBA. Vzdelávacie inštitúcie a kombinácia rôznych metodických a didaktických prístupov. Akreditácie a kvalitný MBA program, ktorý by mal rámcovo reagovať na zmeny ekonomicko-sociálnych podmienok. 
610 2 0 |a vzdelávanie ďalšie 
610 2 0 |a štúdium postgraduálne 
610 2 0 |a inštitúcie vzdelávacie 
610 2 0 |a programy študijné 
610 2 0 |a kurzy 
610 2 0 |a manažéri 
610 2 0 |a vzdelávanie ďalšie 
100 1 |a Schlegelmilch, Bodo B.